[Event "FRA-chT4 0506"]
[Site "Bretagne"]
[Date "2006.01.15"]
[Round "4"]
[White "D'Aime, Gerard"]
[Black "Le Bideau, Alain"]
[Result "0-1"]
[WhiteElo "1499"]
[BlackElo "1499"]
[PlyCount "76"]
[EventDate "2005.10.16"]
[EventType "team"]
[EventRounds "7"]
[EventCountry "FRA"]
[SourceTitle "EXT 2007"]
[Source "ChessBase"]
[SourceDate "2006.11.23"]
[SourceVersion "1"]
[SourceVersionDate "2006.11.23"]
[SourceQuality "1"]

1. d4 d5 2. c4 Nf6 3. Nc3 c6 4. Bf4 e6 5. e3 Be7 6. Nf3 0-0 7. Bd3 c5 8. 0-0 Nc6 9. Ne2 b6 10. a3 Re8 11. Qc2 h6 12. Rad1 Bb7 13. cxd5 exd5 14. Ne5 c4 15. Bf5 b5 16. Nxc6 Bxc6 17. Be5 Bd6 18. Bxd6 Qxd6 19. Nf4 Bd7 20. Bxd7 Qxd7 21. b3 Rac8 22. b4 Ne4 23. h3 a6 24. Rfe1 Rcd8 25. f3 Nf6 26. e4 g5 27. Nxd5 Nxd5 28. exd5 Qxd5 29. Rxe8+ Rxe8 30. Kf2 f6 31. Qc3 Kf7 32. Re1 Rxe1 33. Kxe1 f5 34. Qe3 Qe6 35. Qxe6+ Kxe6 36. Kd2 f4 37. Kc2 Kd5 38. Kc3 h5 0-1